| 000 | 00667nam a22001937a 4500 | ||
|---|---|---|---|
| 999 |
_c192667 _d192667 |
||
| 005 | 20221101120618.0 | ||
| 010 | _aENG-135251 | ||
| 020 |
_a9788185835705 _c495.00 |
||
| 035 | _aEN-118783 | ||
| 037 | _bDBAD/PUB | ||
| 082 | _a330.954 | ||
| 245 |
_aNehruvian Economic Philosophy and Its contemporary relevance/ _cEdited by Ranjit Singh Ghuman [and] Indervir Singh |
||
| 260 |
_aChandigarh _bCentre for Research in Rural and Industrial Development _c2014 |
||
| 270 |
_bChandigarh _aSector 19-A, Madhya Marg _e160019 |
||
| 300 |
_a295p. _c24cm(hb) |
||
| 700 | _aGhuman, Ranjit Singh | ||
| 700 | _aSingh, Indervir | ||
| 942 |
_2ddc _cEN _mNEH _h330.954 |
||